000 00459ntaaa2200181 4500
003 01
005 20251027201911.0
008 0714s1973 ag 01
040 _aAR-BaBN
_bspa
_cAR-BaBN
_eaacr
_dRIC
082 _a244.1000 P21
100 _aParish, E. J.
_917541
245 _aUn A.B.C. de la Biblia
250 _a1 ed.
260 _aEl Paso :
_bCasa Bautista de Publicaciones,
_cn.f.
300 _a30
500 _aestudio bíblico para niños
942 _cBK
999 _c13721
_d13721